000
00219 a2200097 4500
000
nam a22 7a 4500
005
20260302124747.0
100
_a
Roy, Arundhati
245
_a
Mother Mary Comes to Me
942
_c
TEXL
999
_c
1688388
_d
1688388